000 00403nam a2200157Ia 4500
008 210210b1987 xxu||||| |||| 00| 0 eng d
082 _a332.1 CHHB
100 _aCHHABRA (Trilok N).
245 _aBanking theory and practice. Ed.5
250 _a
260 _aDelhi
_bDhanpat Rai & sons
_c1987
300 _aiv,15.18,I-3
650 _aBanking theory & practice
690 _aBanking
906 _a039869
999 _c89671
_d89671